Az Országos Erdészeti Egyesület Évkönyve ...

Bibliographic Details
Corporate Authors: Kocsi Sándor Nyomda (Budapešť, Maďarsko) (Printer), A Magyar Királyi Államnyomda (Budapešť, Maďarsko) (Printer)
Other Authors: Bedő Albert, 1839-1918 (Editor)
Format: Serial
Language:Hungarian
PhysicalDescription:24 cm
Subjects:

MARC

LEADER 00000nas a2200000 a 4500
001 vtls012269896
003 SK-MaSNL
005 20260228155919.0
008 250123c18671872hu mr 0 0hun
015 |a SNBHFB 
040 |a SNKHF  |b slo  |c SNKHF  |e rda 
041 0 |a hun 
044 |a hu  |c HU 
072 7 |a 630  |x Lesníctvo  |2 konspekt 
072 7 |a 061.2  |x Nevládne organizácie a kooperácia  |2 konspekt 
080 |a 630  |2 2011 
080 |a 061.2  |2 2011 
080 |a (051)-048.55  |2 2011 
245 0 3 |a Az Országos Erdészeti Egyesület Évkönyve ... 
264 3 |a Pest  |b Nyomatott Kocsi Sándor könyvnyomdájában  |c 1867-1872 
264 2 3 |3 1871  |a Budán  |b Nyomatott A Magyar Királyi Államnyomdában 
300 |c 24 cm 
310 |a 1x ročne 
336 |a text  |b txt  |2 rdacontent 
337 |a bez média  |b n  |2 rdamedia 
338 |a zväzok  |b nc  |2 rdacarrier 
362 0 |a 1867(1868)-1871/1872  |z OSzK/2025 
500 |a Vychádza na nasledujúci rok 
500 |a Editor: 1870-1871, Bedő Albert 
561 |a Proveniencia: oválna pečiatka Gróf Zay Könyvtár.  |5 SNK ČC 4404/1870,1871 
588 |a Popis podľa: Rok 1870 
650 0 7 |a lesníctvo  |2 SNKPH  |9 1255 
650 0 7 |a spolky  |2 SNKPH  |9 4725 
655 7 |a špecializované časopisy  |2 SNKPH  |9 70509 
700 1 |a Bedő Albert,  |d 1839-1918  |4 edt  |9 265586 
710 2 |a Kocsi Sándor Nyomda (Budapešť, Maďarsko)  |4 prt  |9 265587 
710 2 |a A Magyar Királyi Államnyomda (Budapešť, Maďarsko)  |4 prt  |9 265588 
752 |a Maďarsko  |d Budapešť 
852 |a snk  |b Zaiova knižnica: Zay 16832-16833  |p ČC 4404/1870,1871 
958 |a DF 
999 |c 876  |d 876 
952 |0 0  |1 0  |4 0  |7 0  |8 5  |a SNK  |b SNK  |c SNK_HF  |d 2025-01-23  |i snk2025/990  |l 0  |o snkČC 4404/1870  |p 17A1488984  |r 2026-02-21 22:33:38  |t Zay 16832  |w 2026-02-21  |y PREZ 
952 |0 0  |1 0  |4 0  |7 0  |8 5  |a SNK  |b SNK  |c SNK_HF  |d 2025-01-23  |i snk2025/991  |l 0  |o snkČC 4404/1871  |p 17A1488983  |r 2026-02-21 22:33:38  |t Zay 16833  |w 2026-02-21  |y PREZ